[Event "POL-chT 1st League"]
[Site "Szklarska Poreba"]
[Date "2021.09.10"]
[Round "7.2"]
[White "Dubinski, Mateusz"]
[Black "Bartel, Michal"]
[Result "1/2-1/2"]
[WhiteElo "2223"]
[BlackElo "2181"]
[PlyCount "113"]
[EventDate "2021.09.04"]
[EventType "team-swiss"]
[EventRounds "9"]
[EventCountry "POL"]
[SourceTitle "CBM 204 Extra"]
[Source "ChessBase"]
[SourceDate "2021.11.30"]
[SourceVersion "1"]
[SourceVersionDate "2021.11.30"]
[SourceQuality "1"]
[WhiteTeam "Kopernik WKS"]
[BlackTeam "Wrzos Miedzyborow"]
[WhiteTeamCountry "POL"]
[BlackTeamCountry "POL"]

1. d4 d6 2. e4 e5 3. Nf3 Nf6 4. Nc3 exd4 5. Nxd4 Nc6 6. Nxc6 bxc6 7. Bc4 Be7 8. 0-0 0-0 9. h3 Nd7 10. f4 Bf6 11. Qf3 Nb6 12. Bd3 c5 13. Be3 Bb7 14. Rfe1 Re8 15. Bf2 Bxc3 16. bxc3 f5 17. g4 fxe4 18. Bxe4 Bxe4 19. Rxe4 Rxe4 20. Qxe4 Qf6 21. Re1 Rf8 22. f5 g6 23. Qe6+ Qxe6 24. fxe6 Re8 25. Re4 Nd5 26. Be1 h6 27. Bd2 Kg7 28. c4 Nb4 29. Bc3+ Kg8 30. Bxb4 cxb4 31. c5 dxc5 32. Kf2 Kg7 33. Rc4 Rxe6 34. Rxc5 Ra6 35. Rxc7+ Kf6 36. Rc4 Rxa2 37. Rxb4 Rxc2+ 38. Kf3 Rc3+ 39. Kf4 Rc5 40. h4 g5+ 41. hxg5+ hxg5+ 42. Ke4 Ke6 43. Kd4 Ra5 44. Ke4 Ra3 45. Rb5 Kf6 46. Rc5 Ra4+ 47. Kf3 Ra6 48. Ke4 Kg6 49. Kf3 Kh6 50. Rd5 Rf6+ 51. Kg3 Rb6 52. Kf3 Kg6 53. Ra5 a6 54. Kg3 Kf6 55. Rf5+ Kg6 56. Ra5 Kf6 57. Rf5+ 1/2-1/2

[Event "Pardubice Czech op-A 32nd"]
[Site "Pardubice"]
[Date "2021.07.26"]
[Round "4"]
[White "Nytra, Ondrej"]
[Black "Dubinski, Mateusz"]
[Result "1/2-1/2"]
[WhiteElo "2067"]
[BlackElo "2312"]
[PlyCount "176"]
[EventDate "2021.07.23"]
[EventType "swiss"]
[EventRounds "9"]
[EventCountry "CZE"]
[SourceTitle "CBM 203 Extra"]
[Source "ChessBase"]
[SourceDate "2021.09.30"]
[SourceVersion "1"]
[SourceVersionDate "2021.09.30"]
[SourceQuality "1"]

1. e4 c5 2. Nf3 d6 3. d4 cxd4 4. Nxd4 Nf6 5. Nc3 a6 6. Be2 e5 7. Nb3 Be7 8. 0-0 0-0 9. Kh1 Nc6 10. Be3 Be6 11. f4 d5 12. fxe5 Nxe4 13. Bd4 Qc7 14. Bd3 Nxd4 15. Nxd4 Qxe5 16. Bxe4 dxe4 17. Nxe6 Qxe6 18. Qd5 Qxd5 19. Nxd5 Bd6 20. g4 Rad8 21. Rad1 Rfe8 22. Rfe1 f6 23. c4 h5 24. h3 hxg4 25. hxg4 Kf7 26. b4 Re5 27. a3 g6 28. Rf1 f5 29. Kg2 Bf8 30. gxf5 gxf5 31. Nf4 Rxd1 32. Rxd1 Bh6 33. Kg3 Re8 34. Rd7+ Re7 35. Rd5 Bxf4+ 36. Kxf4 e3 37. Rd1 Kf6 38. Rd6+ Kf7 39. Rd1 Re4+ 40. Kxf5 Rxc4 41. Rd7+ Kf8 42. Rd8+ Ke7 43. Rd3 e2 44. Re3+ Kd6 45. Rxe2 Rc3 46. Ke4 Rxa3 47. Kd4 Rh3 48. Rg2 Rh4+ 49. Kc3 Rh5 50. Kc4 Rh4+ 51. Kc3 Re4 52. Rg5 Re5 53. Rg7 Kc6 54. Kc4 Re4+ 55. Kc3 b6 56. Rg5 Rh4 57. Rf5 Rh3+ 58. Kc4 Rh4+ 59. Kc3 Rh1 60. Rg5 Re1 61. Kc4 Re4+ 62. Kc3 Kd6 63. Rg8 Kd5 64. Rg5+ Re5 65. Rg3 Kc6 66. Kc4 Re4+ 67. Kb3 Rd4 68. Rh3 Rd1 69. Rh6+ Rd6 70. Rh3 Rd5 71. Kc4 Rd1 72. Rh6+ Rd6 73. Rh5 Rg6 74. Rh4 Kd6 75. Kc3 Rf6 76. Kd4 Ke6 77. Re4+ Kd7 78. Rh4 Rc6 79. Rh7+ Kc8 80. Kd5 Rc7 81. Rh8+ Kb7 82. Rh6 a5 83. bxa5 Rc5+ 84. Kd4 Rxa5 85. Kc4 Ka6 86. Rh8 Ra4+ 87. Kb3 Rg4 88. Rh5 Rg3+ 1/2-1/2

[Event "Opole Termika Rapid op"]
[Site "Opole"]
[Date "2021.07.17"]
[Round "3"]
[White "Dubinski, Mateusz"]
[Black "Dobrowolski, Piotr"]
[Result "0-1"]
[WhiteElo "2312"]
[BlackElo "2413"]
[PlyCount "88"]
[EventDate "2021.07.17"]
[EventType "swiss (rapid)"]
[EventRounds "9"]
[EventCountry "POL"]
[SourceTitle "CBM 203 Extra"]
[Source "ChessBase"]
[SourceDate "2021.09.30"]
[SourceVersion "1"]
[SourceVersionDate "2021.09.30"]
[SourceQuality "1"]

1. d4 e6 2. c4 c5 3. d5 exd5 4. cxd5 d6 5. Nc3 g6 6. e4 Bg7 7. f4 Bxc3+ 8. bxc3 Nf6 9. Nf3 0-0 10. Bd3 c4 11. Bc2 Re8 12. e5 dxe5 13. fxe5 Qxd5 14. 0-0 Qxd1 15. Rxd1 Nfd7 16. Bf4 Nc6 17. Ba4 Nc5 18. Bxc6 bxc6 19. Rd6 Ne4 20. Rxc6 Nxc3 21. Rxc4 Ne2+ 22. Kf2 Be6 23. Ra4 Nxf4 24. Rxf4 Reb8 25. a4 Rb2+ 26. Kg3 Rc8 27. Rf1 Rcc2 28. Ne1 Re2 29. Rd4 Rxe5 30. h4 Ra2 31. Nd3 Rd5 32. Rxd5 Bxd5 33. Nb4 Rxg2+ 34. Kh3 Rd2 35. Rc1 Rd4 36. Rc8+ Kg7 37. Nxd5 Rxd5 38. Rc4 Rd3+ 39. Kg4 h5+ 40. Kf4 Rd5 41. Rb4 Ra5 42. Rc4 Kh6 43. Rd4 f6 44. Kg3 Ra6 0-1

[Event "Baltic Pearl IM 17th"]
[Site "Lazy"]
[Date "2021.06.28"]
[Round "2"]
[White "Dubinski, Mateusz"]
[Black "Grzesik, Gracjan"]
[Result "0-1"]
[WhiteElo "2312"]
[BlackElo "2063"]
[PlyCount "44"]
[EventDate "2021.06.27"]
[EventType "tourn"]
[EventRounds "9"]
[EventCountry "POL"]
[EventCategory "2"]
[SourceTitle "CBM 203 Extra"]
[Source "ChessBase"]
[SourceDate "2021.09.30"]
[SourceVersion "1"]
[SourceVersionDate "2021.09.30"]
[SourceQuality "1"]

1. d4 Nf6 2. c4 e6 3. g3 d5 4. Nf3 Be7 5. Bg2 0-0 6. 0-0 b6 7. cxd5 exd5 8. Nc3 Bb7 9. Qc2 c5 10. Rd1 Na6 11. a3 Nc7 12. e4 dxe4 13. dxc5 exf3 14. Rxd8 Raxd8 15. Bh3 Bxc5 16. Bg5 Rfe8 17. Bxf6 gxf6 18. Bf5 Nb5 19. Qc1 Nd4 20. Qf4 Ne2+ 21. Nxe2 fxe2 22. Re1 Rd1 0-1

[Event "POL-chT 2nd League"]
[Site "Poronin"]
[Date "2020.09.09"]
[Round "5.3"]
[White "Dubinski, Mateusz"]
[Black "Bugajski, Robert"]
[Result "1/2-1/2"]
[WhiteElo "2345"]
[BlackElo "2086"]
[PlyCount "101"]
[EventDate "2020.09.05"]
[EventType "team-swiss"]
[EventRounds "9"]
[EventCountry "POL"]
[SourceTitle "CBM 198 Extra"]
[Source "ChessBase"]
[SourceDate "2020.11.30"]
[SourceVersion "1"]
[SourceVersionDate "2020.11.30"]
[SourceQuality "1"]
[WhiteTeam "Kopernik WKS"]
[BlackTeam "Zielonka Zieloni"]
[WhiteTeamCountry "POL"]
[BlackTeamCountry "POL"]

1. c4 e5 2. Nc3 Nf6 3. Nf3 Nc6 4. e3 d5 5. cxd5 Nxd5 6. Qc2 Be6 7. a3 Be7 8. Bb5 f6 9. d4 Nxc3 10. Qxc3 Qd5 11. Bxc6+ bxc6 12. dxe5 0-0 13. 0-0 c5 14. e4 Qxe4 15. Re1 Qc4 16. Bd2 Qxc3 17. Bxc3 f5 18. Nd2 Rfd8 19. g3 Rd3 20. Nf1 Rad8 21. Ne3 g5 22. Ng2 Kf7 23. f4 h6 24. Re2 Rd1+ 25. Rxd1 Rxd1+ 26. Re1 Rxe1+ 27. Bxe1 Bb3 28. Ne3 Ke6 29. Bc3 h5 30. Kf2 g4 31. Ke2 h4 32. Kd3 h3 33. Be1 c6 34. Kc3 Bd5 35. Bf2 Bf3 36. a4 Bd5 37. Bg1 Bd8 38. Nc4 Be7 39. Bf2 Bf3 40. Ne3 Bd8 41. Nc4 Kd5 42. Ne3+ Ke6 43. Nc4 Kd5 44. Nd6 Ba5+ 45. Kd3 Bb4 46. b3 Ke6 47. Be3 Bd1 48. Ne8 Kf7 49. Nd6+ Ke6 50. Ne8 Kf7 51. Nd6+ 1/2-1/2

[Event "POL-chT 2nd League"]
[Site "Poronin"]
[Date "2020.09.06"]
[Round "2.1"]
[White "Dubinski, Mateusz"]
[Black "Musial, Tomasz"]
[Result "0-1"]
[WhiteElo "2345"]
[BlackElo "1997"]
[PlyCount "84"]
[EventDate "2020.09.05"]
[EventType "team-swiss"]
[EventRounds "9"]
[EventCountry "POL"]
[SourceTitle "CBM 198 Extra"]
[Source "ChessBase"]
[SourceDate "2020.11.30"]
[SourceVersion "1"]
[SourceVersionDate "2020.11.30"]
[SourceQuality "1"]
[WhiteTeam "Kopernik WKS"]
[BlackTeam "Chrzanow Olimpijczyk"]
[WhiteTeamCountry "POL"]
[BlackTeamCountry "POL"]

1. c4 Nf6 2. Nc3 e5 3. g3 Bb4 4. Bg2 0-0 5. Nf3 Re8 6. 0-0 e4 7. Nd4 Nc6 8. Nc2 Bxc3 9. dxc3 d6 10. f3 exf3 11. exf3 Be6 12. b3 d5 13. c5 b6 14. Be3 Bf5 15. Bd4 Bxc2 16. Qxc2 Nxd4 17. cxd4 Qe7 18. Qf2 bxc5 19. Rfe1 Qd7 20. dxc5 Rxe1+ 21. Rxe1 Re8 22. Rxe8+ Qxe8 23. Qd4 c6 24. Kf2 Qe7 25. Bf1 Nd7 26. b4 Kf8 27. Qd3 Qf6 28. Be2 g6 29. Qe3 Qe5 30. Qxe5 Nxe5 31. f4 Nd7 32. Ke3 Ke7 33. Kd4 Nf8 34. f5 gxf5 35. Ke5 Ne6 36. Bd3 f4 37. gxf4 f6+ 38. Kf5 h5 39. Be2 Nd4+ 40. Kg6 Nxe2 41. Kxh5 f5 42. Kg5 d4 0-1

[Event "Wroclaw op"]
[Site "Wroclaw"]
[Date "2019.08.11"]
[Round "9"]
[White "Nguyen, Alex Dac Vuong"]
[Black "Dubinski, Mateusz"]
[Result "0-1"]
[WhiteElo "2153"]
[BlackElo "2306"]
[PlyCount "44"]
[EventDate "2019.08.05"]
[EventType "swiss"]
[EventRounds "9"]
[EventCountry "POL"]
[SourceTitle "CBM 191 Extra"]
[Source "ChessBase"]
[SourceDate "2019.09.30"]
[SourceVersion "1"]
[SourceVersionDate "2019.09.30"]
[SourceQuality "1"]

1. e4 e5 2. Nf3 Nc6 3. Bb5 a6 4. Ba4 Nf6 5. 0-0 b5 6. Bb3 Bc5 7. Re1 0-0 8. c3 d6 9. a4 Rb8 10. d3 h6 11. Nbd2 Nh5 12. axb5 axb5 13. d4 Bb6 14. dxe5 dxe5 15. Bd5 Qf6 16. Nf1 Ne7 17. Bb3 Ng6 18. Ng3 Nhf4 19. Bc2 Rd8 20. Bd2 Bg4 21. Nf5 Bxf3 22. gxf3 Qg5+ 0-1

[Event "Wroclaw op"]
[Site "Wroclaw"]
[Date "2019.08.07"]
[Round "4"]
[White "Dubinski, Mateusz"]
[Black "Czyz, Andrzej"]
[Result "1-0"]
[WhiteElo "2306"]
[BlackElo "2000"]
[PlyCount "79"]
[EventDate "2019.08.05"]
[EventType "swiss"]
[EventRounds "9"]
[EventCountry "POL"]
[SourceTitle "CBM 191 Extra"]
[Source "ChessBase"]
[SourceDate "2019.09.30"]
[SourceVersion "1"]
[SourceVersionDate "2019.09.30"]
[SourceQuality "1"]

1. d4 Nf6 2. c4 c5 3. Nf3 cxd4 4. Nxd4 Nc6 5. Nc3 g6 6. g3 Bg7 7. Bg2 0-0 8. 0-0 Qb6 9. Nc2 d6 10. Ne3 Bd7 11. b3 Rab8 12. Bb2 Qd8 13. Qd2 a6 14. Rac1 Ne5 15. h3 Bc6 16. Ncd5 Nxd5 17. cxd5 Bb5 18. f4 Nd7 19. Bxg7 Kxg7 20. a4 Bxe2 21. Qxe2 Kg8 22. b4 a5 23. b5 Nc5 24. Rc4 Qb6 25. Kh2 Rbc8 26. f5 Nd7 27. Rxc8 Rxc8 28. fxg6 hxg6 29. Ng4 Ne5 30. Nxe5 dxe5 31. Qxe5 Qd8 32. h4 Rc4 33. Rf4 Rc1 34. h5 f6 35. Qe6+ Kg7 36. hxg6 Kxg6 37. Be4+ Kh6 38. Rh4+ Kg7 39. Rh7+ Kf8 40. Qf7# 1-0

[Event "POL-ch blitz"]
[Site "Szczawno Zdroj"]
[Date "2018.12.16"]
[Round "8"]
[White "Dubinski, Mateusz"]
[Black "Nguyen, Piotr"]
[Result "0-1"]
[WhiteElo "2304"]
[BlackElo "2403"]
[PlyCount "84"]
[EventDate "2018.12.16"]
[EventType "swiss (blitz)"]
[EventRounds "15"]
[EventCountry "POL"]
[SourceTitle "CBM 187 Extra"]
[Source "ChessBase"]
[SourceDate "2018.11.04"]
[SourceVersion "1"]
[SourceVersionDate "2018.11.04"]
[SourceQuality "1"]

1. d4 d6 2. Nf3 g6 3. g3 Bg7 4. Bg2 c5 5. 0-0 cxd4 6. Nxd4 Nf6 7. c4 0-0 8. Nc3 Nc6 9. Nxc6 bxc6 10. Bxc6 Bh3 11. Bg2 Bxg2 12. Kxg2 Qc7 13. Qd3 Rfc8 14. b3 d5 15. Bf4 e5 16. Bg5 dxc4 17. bxc4 Qxc4 18. Qxc4 Rxc4 19. Bxf6 Rxc3 20. Bxg7 Kxg7 21. Rfd1 Rb8 22. Rd7 Rb2 23. Rxa7 Rxe2 24. a4 Rcc2 25. Rf1 e4 26. Re7 Ra2 27. h4 Rxa4 28. g4 Raa2 29. Kg3 Ra3+ 30. f3 Ree3 31. Kf4 Rxf3+ 32. Rxf3 exf3 33. Re1 f2 34. Rf1 Ra2 35. Kg3 h6 36. Rxf2 Rxf2 37. Kxf2 Kf6 38. Kf3 Ke5 39. Ke3 f6 40. Kf3 f5 41. gxf5 gxf5 42. Ke3 f4+ 0-1

[Event "POL-ch blitz"]
[Site "Szczawno Zdroj"]
[Date "2018.12.16"]
[Round "12"]
[White "Piotrowski, Przemyslaw"]
[Black "Dubinski, Mateusz"]
[Result "1/2-1/2"]
[WhiteElo "2269"]
[BlackElo "2304"]
[PlyCount "55"]
[EventDate "2018.12.16"]
[EventType "swiss (blitz)"]
[EventRounds "15"]
[EventCountry "POL"]
[SourceTitle "CBM 187 Extra"]
[Source "ChessBase"]
[SourceDate "2018.11.04"]
[SourceVersion "1"]
[SourceVersionDate "2018.11.04"]
[SourceQuality "1"]

1. d4 d5 2. Nf3 Nf6 3. g3 c5 4. Bg2 cxd4 5. 0-0 Nc6 6. Nxd4 e6 7. c4 Be7 8. Nc3 0-0 9. cxd5 exd5 10. b3 Bg4 11. h3 Bh5 12. Bb2 Re8 13. Rc1 Rc8 14. Re1 Nxd4 15. Qxd4 Bc5 16. Qh4 Qb6 17. e3 Bxe3 18. fxe3 Rxe3 19. Kh2 Rxe1 20. Rxe1 Qf2 21. Nxd5 Bf3 22. Nxf6+ gxf6 23. Rg1 Qxb2 24. Qf4 Rc3 25. Qxf6 Qd2 26. Qf4 Qxf4 27. gxf4 Rc2 28. Kg3 1/2-1/2

[Event "Douglas IoM op"]
[Site "Douglas"]
[Date "2018.10.26"]
[Round "7"]
[White "Prithu, Gupta"]
[Black "Dubinski, Mateusz"]
[Result "1-0"]
[WhiteElo "2458"]
[BlackElo "2327"]
[PlyCount "59"]
[EventDate "2018.10.20"]
[EventType "swiss"]
[EventRounds "9"]
[EventCountry "ENG"]
[SourceTitle "CBM 187"]
[Source "ChessBase"]
[SourceDate "2018.12.11"]
[SourceVersion "1"]
[SourceVersionDate "2018.12.11"]
[SourceQuality "1"]

1. e4 e5 2. Nf3 Nc6 3. Bb5 a6 4. Ba4 Nf6 5. d3 d6 6. c3 g6 7. 0-0 Bg7 8. h3 0-0 9. Be3 h6 10. Nbd2 Re8 11. b4 b5 12. Bb3 d5 13. Bc5 d4 14. cxd4 exd4 15. a4 Bb7 16. axb5 axb5 17. Rxa8 Qxa8 18. Nh4 Nd7 19. Nxg6 Nxc5 20. bxc5 Qd8 21. Nf4 Ne5 22. Nh5 Qh4 23. Nxg7 Kxg7 24. f4 Ng6 25. f5 Ne5 26. f6+ Kh7 27. Nf3 Qg3 28. Nxe5 Qxe5 29. Bxf7 Rf8 30. Qh5 1-0

[Event "Douglas IoM op"]
[Site "Douglas"]
[Date "2018.10.24"]
[Round "5"]
[White "Ladron de Guevara Pinto, Paolo"]
[Black "Dubinski, Mateusz"]
[Result "1-0"]
[WhiteElo "2427"]
[BlackElo "2327"]
[PlyCount "95"]
[EventDate "2018.10.20"]
[EventType "swiss"]
[EventRounds "9"]
[EventCountry "ENG"]
[SourceTitle "CBM 187"]
[Source "ChessBase"]
[SourceDate "2018.12.11"]
[SourceVersion "1"]
[SourceVersionDate "2018.12.11"]
[SourceQuality "1"]

1. e4 e5 2. Nf3 Nc6 3. Bc4 Nf6 4. Ng5 d5 5. exd5 Na5 6. Bb5+ c6 7. dxc6 bxc6 8. Bd3 h6 9. Ne4 Nd5 10. 0-0 Be7 11. Ng3 g6 12. Re1 Bf6 13. Be4 0-0 14. d4 exd4 15. Bxh6 Re8 16. Na3 Rb8 17. Bd2 Be6 18. Bd3 Nb4 19. Ne4 Be7 20. Bf1 c5 21. Bb5 Bd7 22. Bxd7 Qxd7 23. Qf3 f5 24. Qg3 Kf7 25. Ng5+ Bxg5 26. Qxg5 Rxe1+ 27. Rxe1 Re8 28. Qh6 Rxe1+ 29. Bxe1 Qe6 30. Bd2 Nac6 31. Qh7+ Ke8 32. h4 a6 33. b3 Nd5 34. Nc4 f4 35. h5 gxh5 36. Qxh5+ Kd7 37. a3 Nce7 38. Ne5+ Kd6 39. Nd3 Ng6 40. Qg5 Qf7 41. Qd8+ Kc6 42. Qa8+ Kb6 43. Nb2 Qe6 44. Na4+ Kc7 45. Qa7+ Kd8 46. Nxc5 Qf5 47. Qxa6 f3 48. Qe6 1-0

[Event "Douglas IoM op"]
[Site "Douglas"]
[Date "2018.10.23"]
[Round "4"]
[White "Lorscheid, Gerhard"]
[Black "Dubinski, Mateusz"]
[Result "0-1"]
[WhiteElo "2205"]
[BlackElo "2327"]
[PlyCount "64"]
[EventDate "2018.10.20"]
[EventType "swiss"]
[EventRounds "9"]
[EventCountry "ENG"]
[SourceTitle "CBM 187"]
[Source "ChessBase"]
[SourceDate "2018.12.11"]
[SourceVersion "1"]
[SourceVersionDate "2018.12.11"]
[SourceQuality "1"]

1. d4 Nf6 2. c4 g6 3. Nc3 Bg7 4. e4 d6 5. Nge2 0-0 6. f3 c5 7. d5 e6 8. Bg5 h6 9. Be3 exd5 10. cxd5 Nbd7 11. Qd2 h5 12. Nc1 a6 13. a4 Rb8 14. Be2 Re8 15. 0-0 Qc7 16. N1a2 h4 17. Rfc1 h3 18. gxh3 Nh5 19. f4 Ndf6 20. Bf3 Bxh3 21. Kh1 Ng4 22. Bg1 Bh6 23. Ne2 Qe7 24. Rf1 f5 25. Nac3 Bxf1 26. Rxf1 Qh4 27. Qd3 Qh3 28. Qd1 b5 29. Bg2 Qh4 30. exf5 gxf5 31. Rf3 Nxf4 32. Nxf4 Re1 0-1

[Event "Douglas IoM op"]
[Site "Douglas"]
[Date "2018.10.20"]
[Round "1"]
[White "Dubinski, Mateusz"]
[Black "Jumabayev, Rinat"]
[Result "0-1"]
[WhiteElo "2327"]
[BlackElo "2605"]
[PlyCount "94"]
[EventDate "2018.10.20"]
[EventType "swiss"]
[EventRounds "9"]
[EventCountry "ENG"]
[SourceTitle "CBM 187"]
[Source "ChessBase"]
[SourceDate "2018.12.11"]
[SourceVersion "1"]
[SourceVersionDate "2018.12.11"]
[SourceQuality "1"]

1. d4 Nf6 2. Nf3 g6 3. Bf4 Bg7 4. e3 c5 5. c3 Qb6 6. Qb3 d6 7. Nbd2 Nh5 8. Bg5 h6 9. Bh4 g5 10. Bg3 Nd7 11. Qc2 Qc7 12. d5 a6 13. a4 Ndf6 14. e4 b6 15. Nc4 Nxg3 16. hxg3 Rb8 17. Be2 b5 18. axb5 axb5 19. Ne3 b4 20. Nd2 h5 21. Rd1 g4 22. Ndc4 Kf8 23. 0-0 h4 24. gxh4 Rxh4 25. g3 Rh5 26. Kg2 Bd7 27. Rh1 Rh3 28. Nf5 Rxh1 29. Kxh1 Bxf5 30. exf5 Qb7 31. Ne3 bxc3 32. bxc3 Qb2 33. Rd2 Qb1+ 34. Kg2 Bh6 35. Qxb1 Rxb1 36. Rd1 Rb2 37. Nxg4 Rxe2 38. Nxh6 Kg7 39. Rh1 Rc2 40. g4 Rxc3 41. g5 Nxd5 42. Rh4 Rd3 43. Rg4 e5 44. Ra4 Nf4+ 45. Kh2 Rh3+ 46. Kg1 Rh5 47. g6 Rxh6 0-1